[Event "Madrid ch 2010-2011 - Semifinal B"]
[Site "Madrid ESP"]
[Date "2011.01.28"]
[Round "6.9"]
[White "Lopez Garralon, Miguel"]
[Black "Bermejo Arruego, Luis"]
[Result "0-1"]
[WhiteElo "1895"]
[BlackElo "2194"]
[PlyCount "100"]
[EventDate "2011.01.14"]
[EventType "swiss"]
[EventRounds "9"]
[EventCountry "ESP"]
[Source "lmi"]
[SourceDate "2011.01.14"]

1. e4 c5 2. Nf3 Nc6 3. Nc3 g6 4. d4 cxd4 5. Nxd4 Bg7 6. Be3 Nf6 7. h3 O-O 8. g4
d5 9. Nxc6 bxc6 10. exd5 Nxd5 11. Nxd5 cxd5 12. c3 Rb8 13. Qd2 Qa5 14. b4 Qa3
15. Rc1 Bb7 16. Rg1 Rfd8 17. Rg3 Rbc8 18. Bc5 Be5 19. Rd3 Rxc5 20. bxc5 Qxc5
21. Bg2 e6 22. Qg5 Qc7 23. Rc2 Ba6 24. Rf3 Rb8 25. Kd2 Bd6 26. h4 Qc4 27. Qe3
Qxg4 28. Bh3 Qe4 29. Bg2 Qxh4 30. c4 dxc4 31. Qxa7 Bb7 32. Rxf7 Kxf7 33. Bxb7
Qg5+ 34. Ke2 Qe5+ 35. Be4+ Be7 36. Rxc4 Rb2+ 37. Kd3 Qg5 38. Rc2 Rxc2 39. Kxc2
Qc5+ 40. Qxc5 Bxc5 41. a4 Bxf2 42. a5 Kf6 43. Kd3 h5 44. Ke2 Ba7 45. Kf3 g5 46.
Bb7 g4+ 47. Kg3 Kg5 48. a6 h4+ 49. Kg2 Kf4 50. Bc6 e5 0-1

[Event "Madrid ch 2010-2011 - Semifinal B"]
[Site "Madrid ESP"]
[Date "2011.01.28"]
[Round "6.10"]
[White "Martin Rodriguez, Emilio"]
[Black "Garcia Salamero, Hector"]
[Result "1-0"]
[WhiteElo "2054"]
[BlackElo "1841"]
[PlyCount "45"]
[EventDate "2011.01.14"]
[EventType "swiss"]
[EventRounds "9"]
[EventCountry "ESP"]
[Source "lmi"]
[SourceDate "2011.01.14"]

1. d4 Nf6 2. c4 g6 3. Nc3 Bg7 4. e4 d6 5. f4 O-O 6. Nf3 Nbd7 7. e5 Ne8 8. Be2
c6 9. Be3 a6 10. h4 Nc7 11. h5 d5 12. c5 Re8 13. Bd3 Nf8 14. Ng5 Bf5 15. hxg6
hxg6 16. Bxf5 gxf5 17. Qh5 Ng6 18. e6 Nxe6 19. Nxe6 fxe6 20. Qxg6 Rf8 21. Rh7
Rf7 22. O-O-O Qf8 23. Rdh1 1-0

[Event "Madrid ch 2010-2011 - Semifinal B"]
[Site "Madrid ESP"]
[Date "2011.01.28"]
[Round "6.11"]
[White "Marcos Herrero, Francisco"]
[Black "Morona Minguez, Irene"]
[Result "1/2-1/2"]
[WhiteElo "1891"]
[BlackElo "1911"]
[PlyCount "98"]
[EventDate "2011.01.14"]
[EventType "swiss"]
[EventRounds "9"]
[EventCountry "ESP"]
[Source "lmi"]
[SourceDate "2011.01.14"]

1. d4 Nf6 2. Nf3 g6 3. g3 Bg7 4. Bg2 O-O 5. O-O d6 6. Nc3 Nbd7 7. e4 e5 8. a4
c6 9. h3 exd4 10. Nxd4 Nc5 11. Bg5 h6 12. Bf4 Re8 13. Re1 Nh5 14. Be3 Ne6 15.
a5 Ng5 16. Kh2 Nf6 17. Qd3 Qe7 18. f3 Qd7 19. h4 Ne6 20. Bh3 Qe7 21. Nxe6 Bxe6
22. Rad1 Rad8 23. Bxa7 Bxh3 24. Kxh3 Nh5 25. Bb6 Rd7 26. Bd4 Be5 27. Ne2 Bxg3
28. Kg2 Bxe1 29. Rxe1 Qxh4 30. Rh1 Qg5+ 31. Kf2 Qxa5 32. Bc3 Qc5+ 33. Ke1 Ra8
34. b3 Rad8 35. Bd4 Qb5 36. Qc3 c5 37. Bf6 Ra8 38. Rxh5 gxh5 39. Qe3 Kh7 40.
Qf4 Rg8 41. Qf5+ Rg6 42. Nf4 Qa5+ 43. Kd1 Qc7 44. Nd5 Qc6 45. Bc3 Kg8 46. Nf6+
Rxf6 47. Qxf6 Kf8 48. Qxh6+ Ke8 49. Qh8+ Ke7 1/2-1/2

[Event "Madrid ch 2010-2011 - Semifinal B"]
[Site "Madrid ESP"]
[Date "2011.01.29"]
[Round "7.1"]
[White "Cerrato Torrijos, Maria"]
[Black "Elissalt Cardenas, Hector"]
[Result "0-1"]
[WhiteElo "2100"]
[BlackElo "2359"]
[PlyCount "124"]
[EventDate "2011.01.14"]
[EventType "swiss"]
[EventRounds "9"]
[EventCountry "ESP"]
[Source "lmi"]
[SourceDate "2011.01.14"]

1. e4 c6 2. d4 d5 3. Nd2 g6 4. c3 Bg7 5. Bd3 Nh6 6. Ngf3 f6 7. O-O Nf7 8. Re1
O-O 9. Qc2 e5 10. dxe5 fxe5 11. h3 Nd7 12. Nb3 Re8 13. Be3 b6 14. Rad1 Bb7 15.
Qc1 Qc7 16. Bb1 Nf6 17. Nbd2 Rad8 18. Qc2 Rd7 19. Qa4 Ba8 20. Nf1 Nd6 21. Ng3
Nc4 22. Bc1 a5 23. Qc2 Rde7 24. Qe2 Bb7 25. Nh2 a4 26. Ng4 Nxg4 27. Qxg4 Rf7
28. Bd3 b5 29. Re2 Ref8 30. Nf1 Qb6 31. Qg3 Nd6 32. Be3 d4 33. cxd4 exd4 34.
Bd2 c5 35. e5 Nc4 36. Bxc4 bxc4 37. Bg5 Qe6 38. Nh2 d3 39. Ree1 Rxf2 40. Rd2
R2f5 41. Bf6 Bh6 42. Rf2 Rxf2 43. Qxf2 Bg7 44. Ng4 h5 45. Ne3 Bxf6 46. exf6
Qxf6 47. Qxf6 Rxf6 48. Nxc4 Bd5 49. b3 axb3 50. axb3 Ra6 51. Rd1 Ra2 52. Rxd3
Rxg2+ 53. Kf1 Bxc4 54. bxc4 Rc2 55. Rd7 Rxc4 56. Kg2 Rc3 57. Rc7 h4 58. Re7 c4
59. Rc7 Rg3+ 60. Kh2 c3 61. Rc4 g5 62. Rc7 Kf8 0-1

[Event "Madrid ch 2010-2011 - Semifinal B"]
[Site "Madrid ESP"]
[Date "2011.01.29"]
[Round "7.2"]
[White "Nieto de la Cruz, Julio"]
[Black "Garcia Salamero, Gabriel"]
[Result "1/2-1/2"]
[WhiteElo "2135"]
[BlackElo "2177"]
[PlyCount "141"]
[EventDate "2011.01.14"]
[EventType "swiss"]
[EventRounds "9"]
[EventCountry "ESP"]
[Source "lmi"]
[SourceDate "2011.01.14"]

1. d4 d5 2. c4 e6 3. Nc3 Nf6 4. cxd5 exd5 5. Bg5 Be7 6. e3 c6 7. Bd3 O-O 8. Qc2
Nbd7 9. Nge2 Re8 10. f3 Nf8 11. O-O h6 12. Bh4 Ne6 13. Rad1 b6 14. Kh1 Bb7 15.
Bf2 Rc8 16. Ng3 a6 17. Nf5 Bf8 18. g4 c5 19. Qd2 cxd4 20. exd4 b5 21. Bh4 b4
22. Ne2 g5 23. Bf2 Ne4 24. Qe3 Nf4 25. Nxf4 Ng3+ 26. hxg3 Rxe3 27. Bxe3 gxf4
28. Bxf4 Rc6 29. Kg2 Bc8 30. Ne3 Bg7 31. Bc2 a5 32. Bb3 Be6 33. Rh1 Qa8 34. Ba4
Rc8 35. Rh5 Qa6 36. Kf2 Qa7 37. Be5 Rd8 38. f4 f6 39. Bxf6 Bxf6 40. Rxh6 Bxg4
41. Nxg4 Bxd4+ 42. Kf3 Bg7 43. Rh5 Qf7 44. Rg5 Kf8 45. Bc2 Qe6 46. Bf5 Qc6 47.
Bh7 d4+ 48. Be4 Qe6 49. Bg6 Rd5 50. Rxd5 Qxd5+ 51. Be4 Qxa2 52. f5 Qxb2 53. f6
Bh8 54. Rh1 Bxf6 55. Nxf6 Kf7 56. Nd5 a4 57. Bf5 d3 58. Rh7+ Kf8 59. Bxd3 a3
60. Bc4 a2 61. Bxa2 Qxa2 62. Nxb4 Qb3+ 63. Kg2 Qb2+ 64. Kf3 Qb3+ 65. Kg2 Qxb4
66. Rh4 Qd2+ 67. Kg1 Kg7 68. Rf4 Kg6 69. Rf3 Kg5 70. Rf4 Qe2 71. Kh1 1/2-1/2

[Event "Madrid ch 2010-2011 - Semifinal B"]
[Site "Madrid ESP"]
[Date "2011.01.29"]
[Round "7.3"]
[White "Montañes Arribas, Adrian"]
[Black "Ramos Aldoradin, John Paul"]
[Result "0-1"]
[WhiteElo "2144"]
[BlackElo "2125"]
[PlyCount "96"]
[EventDate "2011.01.14"]
[EventType "swiss"]
[EventRounds "9"]
[EventCountry "ESP"]
[Source "lmi"]
[SourceDate "2011.01.14"]

1. e4 e6 2. d4 d5 3. Nc3 Nf6 4. Bg5 Bb4 5. e5 h6 6. Bd2 Bxc3 7. bxc3 Ne4 8. Qg4
g6 9. Bd3 Nxd2 10. Kxd2 c5 11. h4 c4 12. Be2 Nd7 13. h5 g5 14. f4 f5 15. Qg3 g4
16. Bf1 b5 17. Qe3 a5 18. Ne2 Nb6 19. a3 Rb8 20. g3 Qe7 21. Bg2 Bd7 22. Rhb1
Na4 23. Ke1 O-O 24. Kf2 Be8 25. Qd2 Kg7 26. Rh1 Bf7 27. Rh4 Rb6 28. Rh2 Rfb8
29. Rh4 Be8 30. Rhh1 b4 31. axb4 axb4 32. cxb4 Qxb4 33. Qe3 Qe7 34. Nc3 Nxc3
35. Qxc3 Rb2 36. Ke1 R8b4 37. Kd1 Qb7 38. Rc1 Ba4 39. Rf1 Qb6 40. Ke1 Kf7 41.
Rh1 Ke7 42. Rf1 Rxc2 43. Rxc2 Bxc2 44. Qa3 Bd3 45. Rf2 Kf7 46. Ra2 Rb1+ 47. Kd2
Qxd4 48. Qa5 Qf2+ 0-1

[Event "Madrid ch 2010-2011 - Semifinal B"]
[Site "Madrid ESP"]
[Date "2011.01.29"]
[Round "7.4"]
[White "Gomez Gonzalez, Javier"]
[Black "Cabañas Jimenez, Andres"]
[Result "1/2-1/2"]
[WhiteElo "2062"]
[BlackElo "2221"]
[PlyCount "110"]
[EventDate "2011.01.14"]
[EventType "swiss"]
[EventRounds "9"]
[EventCountry "ESP"]
[Source "lmi"]
[SourceDate "2011.01.14"]

1. e4 c5 2. Nf3 e6 3. d4 cxd4 4. Nxd4 a6 5. Nc3 Qc7 6. g3 Bb4 7. Nde2 Nf6 8.
Bg2 Nc6 9. O-O Be7 10. h3 d6 11. g4 Nd7 12. Ng3 g6 13. Bh6 b6 14. Re1 Bb7 15.
Nd5 exd5 16. exd5 Nce5 17. f4 O-O-O 18. fxe5 Nxe5 19. Re3 Nc4 20. Re4 Qc5+ 21.
Qd4 Qxd4+ 22. Rxd4 b5 23. Rf1 f5 24. b3 Bf6 25. Rdd1 Bh4 26. bxc4 Bxg3 27. gxf5
gxf5 28. Rxf5 bxc4 29. Rd4 Rde8 30. Rxc4+ Kb8 31. Re4 Bc8 32. Rf7 Rxe4 33. Bxe4
Bxh3 34. Bxh7 Re8 35. Rf8 Rxf8 36. Bxf8 Kb7 37. Bh6 Kb6 38. Be3+ Kc7 39. Bd3
Kb7 40. Bf2 Bxf2+ 41. Kxf2 Kb6 42. Ke3 a5 43. Kd4 Bd7 44. c4 Bc8 45. Bg6 Bd7
46. Bf7 Bf5 47. Be6 Bb1 48. a3 Bg6 49. Bg4 Be8 50. Bf5 Bh5 51. c5+ dxc5+ 52.
Ke5 c4 53. Kd4 c3 54. Kxc3 Kc5 55. d6 Kxd6 1/2-1/2

[Event "Madrid ch 2010-2011 - Semifinal B"]
[Site "Madrid ESP"]
[Date "2011.01.29"]
[Round "7.5"]
[White "Perez de Aranda Alonso, Leonardo"]
[Black "Vazquez Gonzalez, Jesus"]
[Result "0-1"]
[WhiteElo "2161"]
[BlackElo "2071"]
[PlyCount "122"]
[EventDate "2011.01.14"]
[EventType "swiss"]
[EventRounds "9"]
[EventCountry "ESP"]
[Source "lmi"]
[SourceDate "2011.01.14"]

1. e4 c5 2. Nf3 g6 3. Bc4 Bg7 4. O-O Nc6 5. Nc3 d6 6. a3 Nh6 7. h3 O-O 8. d3
Kh8 9. Ne2 f5 10. Nf4 e5 11. Ne6 Bxe6 12. Bxe6 f4 13. c3 Qf6 14. Bd5 Rac8 15.
b4 Rc7 16. Bb2 g5 17. Rc1 Ne7 18. Nh2 Nxd5 19. exd5 c4 20. dxc4 Rxc4 21. f3
Rfc8 22. Re1 Nf5 23. Nf1 R4c7 24. Qd3 h5 25. c4 b6 26. Nd2 Ne3 27. c5 bxc5 28.
bxc5 Rxc5 29. Rxc5 dxc5 30. Nc4 Nxc4 31. Qxc4 Qd6 32. Qe4 Re8 33. Bc3 Kg8 34.
Rb1 Rd8 35. Rb7 Qxd5 36. Qxd5+ Rxd5 37. Rxa7 Rd3 38. Be1 e4 39. fxe4 Bd4+ 40.
Kf1 f3 41. gxf3 Rxf3+ 42. Kg2 Re3 43. Ba5 Rxa3 44. Bb6 Rxa7 45. Bxa7 Kf7 46.
Kf3 Kf6 47. Bb6 Ke6 48. Bd8 Bf6 49. Ba5 c4 50. Ke3 Be5 51. Bd8 g4 52. hxg4 hxg4
53. Ba5 Kd7 54. Be1 Kc6 55. Bh4 Kb5 56. Be1 Ka4 57. Ke2 Kb3 58. Ke3 g3 59. Kf3
c3 60. Ke3 c2 61. Bd2 Kb2 0-1

[Event "Madrid ch 2010-2011 - Semifinal B"]
[Site "Madrid ESP"]
[Date "2011.01.29"]
[Round "7.6"]
[White "Alonso Aranzabal, Iñigo"]
[Black "Martin Duque, Jesus"]
[Result "0-1"]
[WhiteElo "2052"]
[BlackElo "2109"]
[PlyCount "56"]
[EventDate "2011.01.14"]
[EventType "swiss"]
[EventRounds "9"]
[EventCountry "ESP"]
[Source "lmi"]
[SourceDate "2011.01.14"]

1. e4 e6 2. d4 d5 3. e5 c5 4. c3 Qb6 5. Nf3 Nc6 6. a3 c4 7. Nbd2 Na5 8. g3 Bd7
9. Bh3 Be7 10. O-O h5 11. Ne1 g5 12. f4 g4 13. Bg2 Nh6 14. b3 cxb3 15. Rb1 Nf5
16. Rf2 h4 17. Qxg4 O-O-O 18. Qf3 h3 19. Bf1 Rdg8 20. Kh1 Kb8 21. Nxb3 Nxb3 22.
Rfb2 Ba4 23. c4 Nfxd4 24. Qf2 dxc4 25. Bxc4 Qc6+ 26. Kg1 Qxc4 27. Be3 Bc5 28.
Rxb3 Nxb3 0-1

[Event "Madrid ch 2010-2011 - Semifinal B"]
[Site "Madrid ESP"]
[Date "2011.01.29"]
[Round "7.7"]
[White "Bermejo Arruego, Luis"]
[Black "Cuadrado Lopez, Francisco"]
[Result "1/2-1/2"]
[WhiteElo "2194"]
[BlackElo "1957"]
[PlyCount "121"]
[EventDate "2011.01.14"]
[EventType "swiss"]
[EventRounds "9"]
[EventCountry "ESP"]
[Source "lmi"]
[SourceDate "2011.01.14"]

1. e4 g6 2. d4 Bg7 3. Nc3 c6 4. Nf3 d5 5. e5 f6 6. Bf4 Nh6 7. Qd2 Nf7 8. h3 O-O
9. exf6 exf6 10. Bd3 Re8+ 11. Ne2 Nd6 12. O-O Ne4 13. Qc1 a6 14. a4 b6 15. c4
Bb7 16. cxd5 cxd5 17. Bc7 Qd7 18. Bxb6 Nc6 19. Bc5 Rac8 20. Qe1 Nxc5 21. dxc5
Ne5 22. Nxe5 fxe5 23. Nc3 Rxc5 24. Qe2 Qc6 25. f3 e4 26. fxe4 dxe4 27. Rae1
Bd4+ 28. Kh1 Bxc3 29. bxc3 Rxc3 30. Qa2+ Qe6 31. Bb1 Bd5 32. Qd2 e3 33. Qb2
Rec8 34. Kg1 Qe5 35. Ba2 Qe6 36. Bxd5 Qxd5 37. Re2 Qc4 38. Qa2 Re8 39. Rfe1
Qxa2 40. Rxa2 Re5 41. Ree2 Kf7 42. Kh2 Ke6 43. Rab2 Kf5 44. Rb4 a5 45. g4+ Ke6
46. Rd4 h5 47. Kg3 hxg4 48. hxg4 Rb3 49. Kf3 g5 50. Re4 Rxe4 51. Kxe4 Rb4+ 52.
Kxe3 Rxa4 53. Kf3+ Kf6 54. Rc2 Rf4+ 55. Kg3 a4 56. Rc6+ Kf7 57. Rc5 Kg6 58. Ra5
Kf6 59. Ra6+ Ke5 60. Rg6 Ke4 61. Rxg5 1/2-1/2

[Event "Madrid ch 2010-2011 - Semifinal B"]
[Site "Madrid ESP"]
[Date "2011.01.29"]
[Round "7.8"]
[White "Madurga Lopez, Ignacio"]
[Black "Martin Rodriguez, Emilio"]
[Result "1/2-1/2"]
[WhiteElo "1987"]
[BlackElo "2054"]
[PlyCount "74"]
[EventDate "2011.01.14"]
[EventType "swiss"]
[EventRounds "9"]
[EventCountry "ESP"]
[Source "lmi"]
[SourceDate "2011.01.14"]

1. e4 e6 2. d4 d5 3. e5 c5 4. c3 Qb6 5. Nf3 Bd7 6. a3 a5 7. Be2 a4 8. c4 cxd4
9. cxd5 exd5 10. Qxd4 Bc5 11. Qh4 Ne7 12. O-O Nbc6 13. Bd3 Nd4 14. Nxd4 Bxd4
15. Nc3 Bxc3 16. bxc3 Ng6 17. Qd4 Qxd4 18. cxd4 Ne7 19. Rb1 Nc6 20. Be3 Ra7 21.
Rfc1 h6 22. Rc5 O-O 23. Rxd5 Be6 24. Rdb5 Ra5 25. Rxb7 Rd8 26. Be4 Bd5 27. Bxd5
Raxd5 28. g3 Nxd4 29. Bxd4 Rxd4 30. R7b4 g5 31. h3 Kg7 32. Kg2 h5 33. Rb7 Re8
34. R1b4 Rd3 35. Rxa4 Rxe5 36. Rab4 Rxa3 37. R7b5 Rxb5 1/2-1/2

[Event "Madrid ch 2010-2011 - Semifinal B"]
[Site "Madrid ESP"]
[Date "2011.01.29"]
[Round "7.9"]
[White "Lopez Garralon, Miguel"]
[Black "Marcos Herrero, Francisco"]
[Result "1-0"]
[WhiteElo "1895"]
[BlackElo "1891"]
[PlyCount "63"]
[EventDate "2011.01.14"]
[EventType "swiss"]
[EventRounds "9"]
[EventCountry "ESP"]
[Source "lmi"]
[SourceDate "2011.01.14"]

1. e4 c5 2. Ne2 d6 3. d4 cxd4 4. Nxd4 Nf6 5. Nc3 Nc6 6. h3 g6 7. Be3 Bg7 8. Be2
Bd7 9. Qd2 Rc8 10. O-O a6 11. f4 O-O 12. g4 b5 13. f5 b4 14. fxg6 hxg6 15. Nd5
Nxe4 16. Qd3 Ng3 17. Nxc6 Bxc6 18. Bb6 Nxe2+ 19. Qxe2 Bd4+ 20. Bxd4 Bxd5 21.
Rad1 e5 22. Bxe5 dxe5 23. Qxe5 Qb6+ 24. Kh2 Rxc2+ 25. Kg3 Be6 26. Rd6 Qc7 27.
Rf6 Bxa2 28. Kh4 Rc5 29. Qe4 Rc8 30. Rxa6 Bd5 31. Qd4 Qe5 32. Qxe5 1-0

[Event "Madrid ch 2010-2011 - Semifinal B"]
[Site "Madrid ESP"]
[Date "2011.01.29"]
[Round "7.10"]
[White "Martin Garcia, Francisco Javier"]
[Black "Cano Cabanillas, Javier"]
[Result "0-1"]
[WhiteElo "1662"]
[BlackElo "1910"]
[PlyCount "64"]
[EventDate "2011.01.14"]
[EventType "swiss"]
[EventRounds "9"]
[EventCountry "ESP"]
[Source "lmi"]
[SourceDate "2011.01.14"]

1. d4 Nf6 2. Nf3 g6 3. c4 Bg7 4. g3 d5 5. Bg2 dxc4 6. Qa4+ Nfd7 7. Qxc4 Nb6 8.
Qd3 Nc6 9. Be3 Bf5 10. Qd1 e5 11. Nh4 Bxb1 12. Bxc6+ bxc6 13. Rxb1 exd4 14. Bd2
O-O 15. Bb4 Re8 16. O-O Qd5 17. b3 c5 18. Ba3 c4 19. bxc4 Nxc4 20. Bc1 Qe4 21.
Rb4 Nb6 22. Re1 Nd5 23. f3 Qe7 24. Rxd4 Ne3 25. Qd3 Bxd4 26. Qxd4 Nc2 27. Qc3
Nxe1 28. Bh6 Qe5 29. Qxe1 Qxe2 30. Qa1 Qe1+ 31. Qxe1 Rxe1+ 32. Kf2 Rae8 0-1

[Event "Madrid ch 2010-2011 - Semifinal B"]
[Site "Madrid ESP"]
[Date "2011.02.04"]
[Round "8.1"]
[White "Elissalt Cardenas, Hector"]
[Black "Ramos Aldoradin, John Paul"]
[Result "1-0"]
[WhiteElo "2359"]
[BlackElo "2125"]
[PlyCount "51"]
[EventDate "2011.01.14"]
[EventType "swiss"]
[EventRounds "9"]
[EventCountry "ESP"]
[Source "lmi"]
[SourceDate "2011.01.14"]

1. c4 e6 2. Nf3 d5 3. b3 Nf6 4. Bb2 Be7 5. g3 O-O 6. Bg2 b6 7. O-O Bb7 8. e3
dxc4 9. bxc4 c5 10. d4 cxd4 11. exd4 Nc6 12. Nbd2 Rc8 13. Rc1 Rc7 14. Nb3 Rd7
15. Qe2 Qa8 16. Rfd1 Rfd8 17. Bh3 Nb4 18. Ne5 Nxa2 19. Ra1 Nb4 20. d5 Bd6 21.
Nxd7 Rxd7 22. dxe6 Bf3 23. exd7 Bxe2 24. Rxd6 Nxd7 25. Rxd7 Nd3 26. Rdxa7 1-0

[Event "Madrid ch 2010-2011 - Semifinal B"]
[Site "Madrid ESP"]
[Date "2011.02.04"]
[Round "8.2"]
[White "Garcia Salamero, Gabriel"]
[Black "Martin Duque, Jesus"]
[Result "1-0"]
[WhiteElo "2177"]
[BlackElo "2109"]
[PlyCount "85"]
[EventDate "2011.01.14"]
[EventType "swiss"]
[EventRounds "9"]
[EventCountry "ESP"]
[Source "lmi"]
[SourceDate "2011.01.14"]

1. e4 c5 2. Nf3 e6 3. d4 cxd4 4. Nxd4 Nf6 5. Nc3 d6 6. g3 Nc6 7. Bg2 Bd7 8. O-O
Be7 9. h3 O-O 10. Be3 a6 11. f4 Rc8 12. Nde2 b5 13. a3 Qc7 14. g4 Qb8 15. Qd2
a5 16. Ng3 b4 17. axb4 axb4 18. Na4 Na5 19. b3 Bd8 20. Rfd1 Ne8 21. g5 Bc6 22.
Qf2 Bxa4 23. Rxa4 Qb5 24. Bf1 Qb7 25. Rda1 Rc3 26. Kh2 Qc8 27. R1a2 e5 28. fxe5
dxe5 29. Rxa5 Bxa5 30. Rxa5 Rxc2 31. Be2 Qc3 32. Bc5 Qxb3 33. Bxf8 Kxf8 34.
Rxe5 Qa2 35. Qe1 Nd6 36. Rd5 Ke7 37. Nf5+ Ke8 38. Nd4 Rd2 39. Rxd6 Qb2 40. Qf2
b3 41. Bb5+ Kf8 42. Rd8+ Ke7 43. Nc6+ 1-0

[Event "Madrid ch 2010-2011 - Semifinal B"]
[Site "Madrid ESP"]
[Date "2011.02.04"]
[Round "8.3"]
[White "Vazquez Gonzalez, Jesus"]
[Black "Cerrato Torrijos, Maria"]
[Result "1/2-1/2"]
[WhiteElo "2071"]
[BlackElo "2100"]
[PlyCount "176"]
[EventDate "2011.01.14"]
[EventType "swiss"]
[EventRounds "9"]
[EventCountry "ESP"]
[Source "lmi"]
[SourceDate "2011.01.14"]

1. e4 c5 2. Nf3 d6 3. d4 Nf6 4. Nc3 cxd4 5. Nxd4 Nc6 6. Bg5 Qb6 7. Nb3 e6 8.
Qf3 Be7 9. Qg3 O-O 10. Be2 Rd8 11. Be3 Qc7 12. Nb5 Qb8 13. Bh6 Bf8 14. Nd2 a6
15. Na3 b5 16. Bg5 Be7 17. Bh6 g6 18. h4 d5 19. Qxb8 Rxb8 20. exd5 Nxd5 21. h5
Nd4 22. Bd3 e5 23. hxg6 hxg6 24. Nb3 Nb4 25. Nxd4 Nxd3+ 26. cxd3 Rxd4 27. Nc2
Rxd3 28. Ke2 Rd6 29. Bd2 Be6 30. Ne3 Rbd8 31. Bc3 f6 32. Rh6 Kg7 33. Rah1 Bg8
34. g4 Re6 35. a3 Bc5 36. g5 fxg5 37. Ng4 Bd4 38. Bd2 Rc8 39. Bxg5 Rc2+ 40. Kd3
Rxb2 41. Rc1 Rb3+ 42. Kd2 Rf3 43. Rh2 Bb6 44. Rc8 Rd6+ 45. Ke2 Be6 46. Bh6+ Kf7
47. Rf8+ Ke7 48. Kxf3 e4+ 49. Kg3 Bc7 50. Rf4 Rd1 51. Bg5+ Kd7 52. Rh7+ Kc8 53.
Rxc7+ Kxc7 54. Rxe4 Rg1+ 55. Kh3 Bf5 56. Rd4 Kc6 57. Be7 a5 58. f3 Re1 59. Bh4
Re3 60. Kg3 Rxa3 61. Ne5+ Kc5 62. Rd8 b4 63. Be7+ Kb5 64. Rd5+ Ka6 65. Nc4 Ra2
66. Bd8 b3 67. Rxa5+ Rxa5 68. Bxa5 Be6 69. Bc3 Bxc4 70. Kf4 Kb5 71. Ke4 Be2 72.
f4 Kc4 73. Bb2 Bd3+ 74. Ke3 Bf5 75. Kd2 Kd5 76. Ke3 Bc2 77. Bc3 Ke6 78. Bb2 Kf5
79. Bc3 Kg4 80. Be5 Bf5 81. Bb2 Kg3 82. Bd4 Kg2 83. Ke2 Bg4+ 84. Kd2 Kf3 85.
Be5 Ke4 86. Kc3 Be6 87. Bb8 Bd5 88. Bc7 Be6 1/2-1/2

[Event "Madrid ch 2010-2011 - Semifinal B"]
[Site "Madrid ESP"]
[Date "2011.02.04"]
[Round "8.4"]
[White "Cabañas Jimenez, Andres"]
[Black "Nieto de la Cruz, Julio"]
[Result "1/2-1/2"]
[WhiteElo "2221"]
[BlackElo "2135"]
[PlyCount "48"]
[EventDate "2011.01.14"]
[EventType "swiss"]
[EventRounds "9"]
[EventCountry "ESP"]
[Source "lmi"]
[SourceDate "2011.01.14"]

1. e4 c5 2. Nf3 d6 3. d4 Nf6 4. Nc3 cxd4 5. Nxd4 g6 6. Be3 Bg7 7. f3 O-O 8. Qd2
Nc6 9. Bc4 Bd7 10. h4 Nxd4 11. Bxd4 b5 12. Bxb5 e5 13. Bf2 Bxb5 14. Nxb5 d5 15.
O-O Qb8 16. Qa5 dxe4 17. Nc7 exf3 18. gxf3 e4 19. Nxa8 e3 20. Be1 e2 21. Rf2
Qg3+ 22. Rg2 Qxf3 23. Rf2 Qg3+ 24. Rg2 Qf3 1/2-1/2

[Event "Madrid ch 2010-2011 - Semifinal B"]
[Site "Madrid ESP"]
[Date "2011.02.04"]
[Round "8.5"]
[White "Gomez Gonzalez, Javier"]
[Black "Montañes Arribas, Adrian"]
[Result "0-1"]
[WhiteElo "2062"]
[BlackElo "2144"]
[PlyCount "152"]
[EventDate "2011.01.14"]
[EventType "swiss"]
[EventRounds "9"]
[EventCountry "ESP"]
[Source "lmi"]
[SourceDate "2011.01.14"]

1. e4 c5 2. Nf3 d6 3. Bb5+ Bd7 4. Bxd7+ Qxd7 5. O-O Nf6 6. Re1 Nc6 7. c3 e6 8.
d4 cxd4 9. cxd4 d5 10. Nc3 Nxe4 11. Nxe4 dxe4 12. Rxe4 Qd5 13. Re2 Be7 14. Be3
Bf6 15. Qa4 O-O 16. Rc1 Rfd8 17. Rd2 h6 18. Qc4 Rac8 19. Qxd5 Rxd5 20. Rc5 Rcd8
21. Rxd5 Rxd5 22. Kf1 Kf8 23. Ke2 Ke8 24. h4 Ra5 25. a3 Rd5 26. Rd3 Rb5 27. Bc1
Ne7 28. g3 Nf5 29. b3 a5 30. Bd2 Rd5 31. Bc3 b6 32. Rd1 Rd8 33. Ne5 Bxe5 34.
dxe5 Rxd1 35. Kxd1 Kd7 36. Ke2 Kc6 37. Kd3 Kd5 38. h5 Ne7 39. f4 g6 40. hxg6
fxg6 41. Bd4 b5 42. Bc3 a4 43. bxa4 bxa4 44. Be1 g5 45. Bb4 Ng6 46. Bd2 gxf4
47. gxf4 h5 48. Ke3 Ne7 49. Kf3 Kd4 50. Bb4 Nf5 51. Bf8 Kd3 52. Bd6 Nd4+ 53.
Kg3 Ne2+ 54. Kf3 Nd4+ 55. Kg3 Ke4 56. Kh4 Kxf4 57. Kxh5 Kf5 58. Kh4 Nf3+ 59.
Kg3 Nxe5 60. Kf2 Ke4 61. Ke2 Nc4 62. Bc5 e5 63. Be7 Kd4 64. Bb4 Nb6 65. Bf8 Nd5
66. Bg7 Nc7 67. Kd2 Nb5 68. Bf8 Ke4 69. Bc5 Kd5 70. Bf8 Kc4 71. Bg7 Kd4 72. Bf8
Nc3 73. Kc2 Nd5 74. Bg7 Ne3+ 75. Kc1 Nc4 76. Bf8 Kd3 0-1

[Event "Madrid ch 2010-2011 - Semifinal B"]
[Site "Madrid ESP"]
[Date "2011.02.04"]
[Round "8.6"]
[White "Bermejo Arruego, Luis"]
[Black "Alonso Aranzabal, Iñigo"]
[Result "1-0"]
[WhiteElo "2194"]
[BlackElo "2052"]
[PlyCount "85"]
[EventDate "2011.01.14"]
[EventType "swiss"]
[EventRounds "9"]
[EventCountry "ESP"]
[Source "lmi"]
[SourceDate "2011.01.14"]

1. e4 e5 2. f4 Bc5 3. Nf3 d6 4. Nc3 Nf6 5. Bc4 Nc6 6. d3 Bg4 7. Na4 O-O 8. Nxc5
dxc5 9. c3 Qd6 10. h3 Bxf3 11. Qxf3 a6 12. O-O Rad8 13. a4 Rd7 14. a5 Re8 15.
f5 Ra8 16. Be3 Na7 17. Qf2 Nb5 18. Bxc5 Qc6 19. g4 Nd6 20. Bxd6 Rxd6 21. Rfe1
Rad8 22. b4 Qd7 23. Qa2 Qe7 24. Re3 c6 25. Rf1 R8d7 26. Qe2 h6 27. h4 Nh7 28.
Qf2 Kh8 29. Rh3 Nf6 30. Qe2 Ne8 31. g5 Nc7 32. Qh5 Qf8 33. f6 g6 34. Qxh6+ Qxh6
35. gxh6 Nb5 36. d4 Na3 37. dxe5 Rd2 38. Bxf7 Rxf7 39. e6 Rc7 40. e7 Rc8 41. f7
Kh7 42. f8=Q Rxf8 43. exf8=Q 1-0

[Event "Madrid ch 2010-2011 - Semifinal B"]
[Site "Madrid ESP"]
[Date "2011.02.04"]
[Round "8.7"]
[White "Martin Rodriguez, Emilio"]
[Black "Perez de Aranda Alonso, Leonardo"]
[Result "1-0"]
[WhiteElo "2054"]
[BlackElo "2161"]
[PlyCount "121"]
[EventDate "2011.01.14"]
[EventType "swiss"]
[EventRounds "9"]
[EventCountry "ESP"]
[Source "lmi"]
[SourceDate "2011.01.14"]

1. d4 d5 2. c4 dxc4 3. Nf3 Nf6 4. Nc3 a6 5. a4 Nc6 6. e4 Bg4 7. Be3 Bxf3 8.
gxf3 e5 9. d5 Na5 10. Rc1 Bb4 11. Rg1 O-O 12. Qe2 Kh8 13. Bh3 Ne8 14. f4 Qf6
15. f5 Nb3 16. Rd1 Nd4 17. Bxd4 exd4 18. Qxc4 Bxc3+ 19. bxc3 dxc3 20. Rg3 Nd6
21. Qxc3 Nxe4 22. Qxf6 gxf6 23. Rb3 Rfe8 24. Kf1 b5 25. Rd4 bxa4 26. Re3 Nc5
27. Rc4 Nb3 28. Rxa4 Rxe3 29. fxe3 Rd8 30. Bg2 Rd6 31. Ke2 Kg7 32. Rc4 Rd7 33.
Kd3 Kf8 34. Kc3 Na5 35. Ra4 Nb7 36. Rxa6 Ke7 37. Ra8 Nd6 38. e4 Rd8 39. Rxd8
Kxd8 40. Kd4 Kd7 41. Bf1 c5+ 42. dxc6+ Kxc6 43. Bd3 Ne8 44. e5 fxe5+ 45. Kxe5
Kc5 46. Bc2 Kc4 47. Ba4 Ng7 48. Kf6 Nh5+ 49. Kxf7 Kd5 50. Bd1 Nf4 51. Kg7 Ke5
52. Bc2 h5 53. h4 Nd5 54. Kg6 Ne7+ 55. Kg5 Nc6 56. f6 Ke6 57. Bb3+ Kd6 58. Kxh5
Nd4 59. Kg6 Nf3 60. f7 Nxh4+ 61. Kf6 1-0

[Event "Madrid ch 2010-2011 - Semifinal B"]
[Site "Madrid ESP"]
[Date "2011.02.04"]
[Round "8.8"]
[White "Cuadrado Lopez, Francisco"]
[Black "Lopez Garralon, Miguel"]
[Result "1/2-1/2"]
[WhiteElo "1957"]
[BlackElo "1895"]
[PlyCount "58"]
[EventDate "2011.01.14"]
[EventType "swiss"]
[EventRounds "9"]
[EventCountry "ESP"]
[Source "lmi"]
[SourceDate "2011.01.14"]

1. d4 d6 2. c4 Nf6 3. Nc3 Nbd7 4. Nf3 e5 5. dxe5 dxe5 6. e4 c6 7. a3 a5 8. Be2
Qc7 9. O-O Nc5 10. Qc2 Be7 11. Be3 O-O 12. h3 Be6 13. Ng5 h6 14. Nf3 Rfd8 15.
Rfd1 Bf8 16. b3 Nfd7 17. Rac1 b5 18. Nd5 cxd5 19. cxd5 Bxh3 20. gxh3 Qb6 21.
Nxe5 Nxe5 22. Bxc5 Qg6+ 23. Kf1 Bxc5 24. Qxc5 Qxe4 25. Bxb5 Qh1+ 26. Ke2 Qf3+
27. Ke1 Qh1+ 28. Ke2 Qf3+ 29. Ke1 Qh1+ 1/2-1/2